000 00303nam a2200133Ia 4500
003 OSt
005 20231108105600.0
008 170524s9999 xx 000 0 und d
020 _a9788131755662
040 _cIIMT UNIVERSITY
100 _aSHARMA A K
245 0 _aDATA STRUCTURE USING C
942 _2ddc
_c02
999 _c4509
_d4509